Atlas en color de Histología

Sparad:
Bibliografiska uppgifter
Huvudupphovsman: Gartner, Leslie P (Författare, medförfattare)
Övriga upphovsmän: Hiatt, James L
Materialtyp: Bok
Språk:spanska
Publicerad: Ciudad de México Médica Panamericana 2011
Upplaga:Quinta edición
Ämnen:
Taggar: Lägg till en tagg
Inga taggar, Lägg till första taggen!

MARC

LEADER 00000cam a2200000 a 4500
001 UCF6938
003 CL-VaPUC
005 20231218164745.0
008 130530e20110000MX |||||||||||||||||spa|d
999 |c 351922  |d 351920 
020 |a 9786077743170 
040 |c Pontificia Universidad Católica de Valparaíso 
082 0 4 |a 611.018 GAR 2011  |2 21 
100 |a Gartner, Leslie P  |e author  |9 591049 
245 1 0 |a Atlas en color de Histología 
250 |a Quinta edición 
260 |a Ciudad de México  |b Médica Panamericana  |c 2011 
300 |a 448 páginas 
583 |a last modification  |c 20130530 09:49:00  |k Rodrigo Vera 
650 0 |a Histología   |9 264868 
650 0 |a Atlas   |9 260843 
700 0 |a Hiatt, James L  |9 568907 
942 |c BK  |2 ddc 
945 |d 20130530 00:00:00  |a dcastane 
952 |0 0  |1 0  |2 ddc  |4 0  |6 611_018000000000000_GAR_2011  |7 0  |8 A  |9 456352  |a BIBCUR  |b BIBCUR  |d 2019-11-22  |i 4975499  |l 6  |m 4  |o 611.018 GAR 2011  |p 4975499  |r 2025-04-22  |s 2024-09-12  |t 1  |w 2019-11-22  |y BK  |k BIO 
952 |0 0  |1 0  |2 ddc  |4 0  |6 611_018000000000000_GAR_2011  |7 0  |8 A  |9 456353  |a BIBCUR  |b BIBCUR  |d 2019-11-22  |i 4975502  |l 12  |o 611.018 GAR 2011  |p 4975502  |r 2025-04-22  |s 2024-09-03  |t 2  |w 2019-11-22  |y BK  |k BIO